El niño atento : mindfulness para ayudar a tu hijo a ser más feliz, amable y compasivo /

Detalles Bibliográficos
Autor principal: Greenland, Susan Kaiser (Autor)
Otros Autores: González Raga, David (Traductor), Mora, Fernando, (Philosopher) (Traductor)
Formato: Electrónico eBook
Lenguaje:español
inglés
Publicado: Bilbao : Desclée De Brouwer, 2014.
Colección:Biblioteca de psicología (Desclée de Brouwer (Firm)) ; 186.
Materias:
Acceso en línea:Digitalia Hispánica

MARC

LEADER 00000nam a2200000 i 4500
001 DIGDESCL0107
003 NyNyDIG
006 m o d
007 cr |||||||||||
008 231119s2014 sp a o 001 0 spa d
035 |a (OCoLC)1410556939 
040 |a DGITA  |b eng  |e rda  |e pn  |c DGITA 
020 |a 9788433036896  |q eBook 
020 |z 9788433026743 
041 1 |a spa  |h eng 
050 1 4 |a BF723.S75 ebook 
100 1 |a Greenland, Susan Kaiser,  |e author. 
240 1 0 |a Mindful child.  |l Spanish  |s (González Raga and Mora) 
245 1 3 |a El niño atento :  |b mindfulness para ayudar a tu hijo a ser más feliz, amable y compasivo /  |c Susan Kaiser Greenland ; traducción, David González Raga y Fernando Mora Zahonero. 
264 1 |a Bilbao :  |b Desclée De Brouwer,  |c 2014. 
300 |a 1 online resource :  |b illustrations. 
336 |a text  |b txt  |2 rdacontent 
337 |a computer file  |b c  |2 rdamedia 
338 |a online resource  |b cr  |2 rdacarrier 
347 |a text file  |2 rdaft 
347 |b EPUB 
490 1 |a Biblioteca de psicología ;  |v 186 
500 |a Includes Index. 
588 0 |a Online resource; title from ePub title page (Digitalia, viewed November 19, 2023) 
650 0 |a Mindfulness. 
650 0 |a Stress management for children. 
650 0 |a Child rearing. 
700 1 |a González Raga, David,  |e translator. 
700 1 |a Mora, Fernando,  |c (Philosopher),  |e translator. 
700 1 |i Translation of:  |a Greenland, Susan Kaiser.  |t Mindful child.  
776 0 8 |i Print version:  |a Greenland, Susan Kaiser.  |s Mindful child. Spanish (González Raga and Mora).  |t Niño atento.  |d Bilbao : Desclée De Brouwer, [2013]  |z 9788433026743 
791 2 |a Digitalia (Firm),  |e distributor. 
793 0 |g Digitalia eBook Collection:  |a Editorial Desclée De Brouwer 
830 0 |a Biblioteca de psicología (Desclée de Brouwer (Firm)) ;  |v 186. 
856 4 0 |3 Digitalia Hispánica  |u https://www.digitaliapublishing.com/a/84174/ 
910 |a Premium collection: 2023